000 00879nam a2200253Ia 4500
003 OSt
005 20221005113112.0
006 a|||||r|||| 00| 0
007 ta
008 221004b |||||||| |||| 00| 0 pan d
020 _c150
024 _a95125
037 _b215, 31/12/2008, H.K. Prakashan
_cTextual
040 _aCRL
_cCRL
_bpan
041 _2pan
_apan
082 _aO153,3NJAx, P5
100 _aਧਾਲੀਵਾਲ, ਬਲਦੇਵ ਸਿੰਘ, ਥਦ।
_9166281
245 0 _aਕਥਾ ਪੰਧ
260 _aਦਿੱਲੀ
_bਮਨਪ੍ਰੀਤ ਪ੍ਰਕਾਨ ਭਾਰਤ
_c2005
300 _a143ਪੰ
_ccm.
650 _aਪੰਜਾਬੀ ਸਾਹਿਤ
942 _hO153,3NJAx, P5
_cTEXL
_2cc
999 _c1027053
_d1027053